000 00633nam a2200277Ia 4500
005 20260324150744.0
008 008 260324s9999 xx 000 0 eng d
020 _a9780429457111
037 _aEBOOK
040 _aCRL
040 _beng
040 _cCRL
041 _2eng
041 _aeng
084 _qCRL
100 _aCharles Macpherson
_91227494
245 2 _aA Short History of Harmony
260 _bTaylor and Francis
260 _c1944
365 _a
365 _b160
856 _uhttp://www.taylorfrancis.com/books/9780429457111
942 _cEBOOK
999 _c1837529
_d1837529